| 000 | 00586 a2200169 4500 | ||
|---|---|---|---|
| 020 | _a0470014393 | ||
| 040 |
_aDLC _bDLC |
||
| 100 | 1 | _aWalke, Bernard H. | |
| 245 | 1 | 0 |
_aIEEE 802 wireless systems: protocols, multi-hop mash/relaying, performance and spectrum coexistence _cBernard H. Walke, Stefan Mangold, Lars Berlemann |
| 260 |
_aWest Sussex, England. : _bJohn Wiley, _cc2006. |
||
| 300 |
_axix, 382 p. : _bill. ; _c23 cm. |
||
| 650 | 0 | _aWireless LANs. | |
| 650 | 0 | _aIEEE 802.11 (Standard) | |
| 700 | 1 | _aMangold, Stefan. | |
| 700 | 1 | _aBerlemann, Lars. | |
| 942 |
_cBK _k621.3845 WAL _2ddc |
||
| 999 |
_c10127 _d10127 |
||